Notes sobre organisació de l'ensenyança / Antoni Llorens
Publicado:
Barcelona [s.n.] :
1908
Descripción Física:
32 f. mecanografiats ; 28 cm
Materias:
Ensenyament
MARC
| LEADER | 00000nam a2200000Ia 4500 | ||
|---|---|---|---|
| 001 | |||
| 008 | 160829s1908 xx 000 0 cat d | ||
| 080 | |a 2283, exp. 4 | ||
| 100 | |a Llorens, Antoni |9 48233 | ||
| 245 | |a Notes sobre organisació de l'ensenyança / Antoni Llorens | ||
| 260 | |a Barcelona [s.n.], |c 1908 | ||
| 300 | |a 32 f. mecanografiats ; |c 28 cm | ||
| 590 | |a Còpia mecanogràfica amb signatura de l'autor. Datat a Barcelona, el 28 de març de 1908 | ||
| 650 | |a Ensenyament |9 22046 | ||
| 901 | |a Arxiu | ||
| 942 | |n 1 | ||
| 952 | |0 0 |1 0 |4 0 |6 2283_EXP_4 |7 1 |9 54411 |a Arxiu |b Arxiu |d 2016-12-01 |l 0 |o 2283, exp. 4 |r 2016-12-01 00:00:00 |w 2016-12-01 |y ARXIU | ||
| 999 | |c 58280 |d 58280 | ||